Online Catalogue and eLibrary

Catastrophe July 83 : (Record no. 1238)

MARC details
000 -LEADER
fixed length control field 00247nam a2200097Ia 4500
008 - FIXED-LENGTH DATA ELEMENTS--GENERAL INFORMATION
fixed length control field 240331s9999 xx 000 0 und d
082 ## - DDC Classification
Class No. 303.6
Item Number - Author Mark BAL
100 ## - MAIN ENTRY--PERSONAL NAME
Personal name Balasuriya, Tissa
245 #0 - TITLE STATEMENT
Title Catastrophe July 83 :
Remainder of title can Sri Lanka Survive?
942 ## - Koha item type (Biblio)
Koha item type Books in Stacks (Lending)
Holdings
Lost status Damaged status Collection code Home library Current library Shelving location Date acquired Full call number Accession Number Item type
    Lending WERC Library WERC Library Social Science Cupboard 03/31/2024 303.6 BAL 411 Books in Stacks (Lending)

© WERC Library